Statistics for Fiji First Level Subdivisions

Click here to take the quiz!

General Stats

  • This quiz has been taken 71 times
    (70 since last reset)
  • The average score is 4 of 5

Answer Stats

Provinces% Correct
Central
94%
Eastern
94%
Western
94%
Northern
89%
Rotuma
74%

Score Distribution

Percentile by Number Answered

Percent of People with Each Score

Your Score History

You have not taken this quiz since the last reset